Normal view
MARC view
Entry Personal Name
001 - CONTROL NUMBER
- control field: 27062
003 - CONTROL NUMBER IDENTIFIER
- control field: OSt
005 - DATE AND TIME OF LATEST TRANSACTION
- control field: 20220104112038.0
008 - FIXED-LENGTH DATA ELEMENTS
- fixed length control field: 220104|| aca||aabn | a|a d
040 ## - CATALOGING SOURCE
- Original cataloging agency: OSt
- Transcribing agency: OSt
100 ## - HEADING--PERSONAL NAME
- Personal name: Desta,Hamito
670 ## - SOURCE DATA FOUND
- Source citation: Work cat.: (OSt)25956: Desta,Hamito, Research Methods in Forestry Principles and Practices with Particular Reference to Ethiopia, 2001